El intercambio, Hierofante, En la mira / (Registro nro. 13567)

Detalles MARC
000 -LIDER
fixed length control field 01385nam a2200349 a 4500
001 - NÚMERO DE CONTROL
Identificador de número de control
003 - IDENTIFICACDOR DE NÚMERO DE CONTROL
control field
005 - DATE AND TIME OF LATEST TRANSACTION
control field 20220302100558.0
008 - ELEMENTOS DE LONGITUD FIJA
fixed length control field 140324s2011 dr r 000 j spa d
020 ## - ISBN
International Standard Book Number 9789945412512
040 ## - FUENTE DE CATALOGACIÓN
Agencia que crea de manera original el registro BPMSU
Idioma de catalogación spa
Agencia que realiza la transcripción BPMSU
082 ## - NÚMERO DE CLASIFICACIÓN DECIMAL DE DEWEY
Classification number RD863.5
Item number V297p 2010
Edition number 22
111 2# - ASIENTO PRINCIPAL--NOMBRE DE REUNIÓN O CONFERENCIA
Nombre de reunión o jurisdicción como elemento de entrada Premio de Cuento de Juan Bosch
Fecha de la reunión (2010 :
Lugar de la reunión Santo Domingo)
245 10 - MENCIÓN DE TITULO
Título El intercambio, Hierofante, En la mira /
Mención de responsabilidad Fanny Vargas Bautista, Rubén Sánchez
246 13 - VARIACION DEL TÍTULO
Título propiamente dicho o título corto Hierofante
250 ## - MENCIÓN DE EDICION
Mención de edición 4a. ed.
260 ## - PUBLICACIÓN, DISTRIBUCIÓN, ETC. (PIE DE IMPRENTA)
Lugar de publicación, distribución, etc Santo Domingo :
Nombre del editor, distribuidor, etc. FUNGLODE,
Fecha de publicación, distribución, etc 2011
300 ## - DESCRIPCIÓN FÍSICA
Extensión 64 p. ;
Dimensiones 26 cm.
490 0# - MENCIÓN DE SERIES
Mención de serie Premios Funglode/GFDD 2010 Cuento
500 ## - NOTA GENERAL
Nota general Incluye datos biográficos de la autora en la contracubierta
505 0# - NOTA DE CONTENIDO
Texto normalizado de contenido Primer lugar : El intercambio -- Segundo lugar : Hierofante -- Tercer lugar : En la mira.
Mención de responsabilidad
586 ## - AWARDS NOTE
Awards note Premios FUNGLODE /GFDD 2010 Cuento
590 ## - NOTA LOCAL
Texto de la nota local Inventariado, 2021/VM
650 #4 - ENCABEZAMIENTO DE MATERIA--TEMÁTICO
Término temático o nombre geográfico como elemento de entrada Cuentos dominicanos
650 #4 - ENCABEZAMIENTO DE MATERIA--TEMÁTICO
Término temático o nombre geográfico como elemento de entrada Literatura dominicana.
650 #4 - ENCABEZAMIENTO DE MATERIA--TEMÁTICO
Término temático o nombre geográfico como elemento de entrada Premios literarios
650 #4 - ENCABEZAMIENTO DE MATERIA--TEMÁTICO
Término temático o nombre geográfico como elemento de entrada Certámenes literarios
700 1# - ASIENTO SECUNDARIO -- NOMBRE PERSONAL
Nombre personal Sánchez Rubén
Título de una obra En la mira
710 2# - ASIENTO SECUNDARIO -- NOMBRE CORPORATIVO
Nombre corporativo o de jurisdicción Fundación Global Democracía y Desarrollo (República Dominicana)
910 ## - VALIDACIÓN
Validación VMateo
942 ## - ADDED ENTRY ELEMENTS (KOHA)
Source of classification or shelving scheme Dewey Decimal Classification
Koha item type Libros
Existencias
Withdrawn status Lost status Source of classification or shelving scheme Damaged status Not for loan Collection code Home library Current library Date acquired Source of acquisition Full call number Barcode Date last seen Price effective from Koha item type
    Dewey Decimal Classification     Colección Dominicana Biblioteca Pública Metropolitana Salomé Ureña Biblioteca Pública Metropolitana Salomé Ureña 06/08/2021 FUNGLODE BPMSU CD RD863.5 V297p 2010 BPMSU21060032 06/08/2021 06/08/2021 Libros